Ветка сакуры. Корни дуба. Горячий пепел (Запис № 383311)
[ простий вигляд ]
| 000 -Лідер | |
|---|---|
| fixed length control field | 01823nam a22002297a 4500 |
| 003 - Ідентифікатор контрольного номера | |
| control field | UA-OsUOA |
| 005 - Дата та час останнього входження (трансакції) | |
| control field | 20200806104042.0 |
| 008 - Елементи даних фіксованої довжини – загальна інформація | |
| fixed length control field | 20130326b un ||||| |||| 00| 0 ukr drus |
| 040 ## - Джерело каталогізації | |
| Агенція оригінальної каталогізації | UA-OsUOA |
| Мова каталогізації | rus |
| Агенція, яка здійснювала перезапис | UA-OsUOA |
| Агенція, яка здійснювала модифікацію | UA-OsUOA |
| 041 ## - Код мови | |
| Код мови тексту/ звукової доріжки чи окремого заголовка (П) | rus |
| 080 ## - Індекс Універсальної десяткової класифікації | |
| Індекс Універсальної десяткової класифікації (УДК) (НП) | 821.161.1 |
| 090 ## - Локальний шифр розміщення | |
| Класифікаційний індекс УДК | 821.161.1 |
| Авторський знак (НП) | О-35 |
| 100 ## - Основне введення – ім’я особи | |
| Ім’я особи (НП) | Овчинников В. |
| 245 ## - Відомості про назву | |
| Назва (НП) | Ветка сакуры. Корни дуба. Горячий пепел |
| Решта назви (НП) | повести |
| Дані про відповідальність (НП) | Всеволод Овчинников |
| 260 ## - Публікація, розповсюдження і т.п. (Вихідні дані) | |
| Місце публікації, розповсюдження і т.п. (П) | Москва |
| Ім’я/ наймення видавництва, розповсюджувача і т.п. (П) | Советский писатель |
| Дата публікації, розповсюдження і т.п. (П) | 1987 |
| 300 ## - Фізичний опис | |
| Обсяг | 608 с. |
| 520 ## - Резюме і т.п. | |
| Резюме, реферат, анотація, тощо (НП) | Показать зарубежную страну через ее народ, проследить своеобразные черты национальной психологии, как они проявляются в человеческих взаимоотношениях, как влияют на современные социальные и политические проблемы, - таков общий замысел, который В. Овчинников воплотил в своих рассказах о японцах (Ветка сакуры) и об англичанах ("Корни дуба").<br/>"Горячий пепел" -взволнованный рассказ о драматических эпизодах гонки западных стран за обладание атомным оружием. <br/>"За книги "Сакура и дуб" и "Горячий пепел" Всеволоду Овчинникову прнисуждена Государственная премия СССР 1985 года. |
| 650 #7 - Додаткове предметне введення – тематичний термін | |
| Тематичний термін чи географічна назва, як елемент введення (НП) | 82 Література. Літературознавство |
| Джерело заголовка чи терміна | UDC |
| 942 ## - Додаткові елементи входу (Коха) | |
| Тип елемента Koha | Книги |
| Source of classification or shelving scheme | Universal Decimal Classification |
| 955 ## - Код типу видання за змістом | |
| Код типу видання за змістом (НП) | Літературно-художні видання |
| Стан вилучень | Стан втрат | Джерело класифікації або схеми стелажів | Стан уражень | Не для кредиту | Постійне місце розташування | Поточне розміщення | Дата придбання | Інвентарний номер | Усього замовленно | Повний номер виклику | Штрих-код | Дата останнього перегляду | Ціна ефективна від | Тип елемента Koha | Код колекції | Джерело придбання | Вартість, звичайна ціна покупки | Вартість, ціна заміни |
|---|---|---|---|---|---|---|---|---|---|---|---|---|---|---|---|---|---|---|
| Universal Decimal Classification | АБ - Абонемент НБ | АБ - Абонемент НБ | 26/03/2013 | 9572 | 821.161.1 О-35 | 9572 | 22/04/2022 | 26/03/2013 | Книги | |||||||||
| Universal Decimal Classification | ЧЗ - Читальна зала | ЧЗ - Читальна зала | 05/08/2020 | 821.161.1 О-35 | 162623 | 06/02/2022 | 05/08/2020 | Книги | Колекція Жулинського М.Г. | №13/24.06.20 | 45.00 | 45.00 |